Historias futuras : antología de la ciencia ficción argentina /

Guardado en:
Otros Autores: Fernández, Adriana, selec., pról. y notas, Pígoli, Edgardo, selec., pról. y notas
Formato: Libro
Publicado: Buenos Aires : Emecé, 2000
Materias:
Etiquetas: Agregar Etiqueta
Sin Etiquetas, Sea el primero en etiquetar este registro!
LEADER 00730nam a22001935a 4500
001 EHU.bham044120
003 AR-BHAM
005 20160705141130.0
008 130507s2000##################000#0#####d
020 |a 9500421410 
082 A 8 |a 868.5 
245 0 0 |a Historias futuras :  |b antología de la ciencia ficción argentina /  |c  Selección, Pról. Y Notas De Adriana Fernández Y Edgardo Pígoli 
260 |a Buenos Aires :  |b Emecé,  |c 2000 
300 |a 235 p. 
653 |a Ciencia ficción argentina 
653 |a Literatura argentina-cuento-ciencia ficción 
700 1 |a Fernández, Adriana, selec., pról. y notas 
700 1 |a Pígoli, Edgardo, selec., pról. y notas 
859 |a AR-BHAM  |b BIB. HUMANIDADES - General  |h A868.5  |i H69  |k A  |p 325.16  |t Ej.1